000 00470nam a22001937a 4500
003 bpm
005 20260427104408.0
008 260427b |||||||| |||| 00| p spa d
024 _aS. C. C. / M. C. y E. M.:
040 _aAR-CtUCP
041 _aspa
080 _aCDU
100 _aMauriño Alejandro
245 _aOdas, profesías y maldiciones
260 _aCorrientes
_bArtes Offset
_c2000
650 _aLiteratura - Poesía
942 _cLIB
999 _c76696
_d76696